Derecho territorial ecuatoriano
Guardat en:
| Autors principals: | , |
|---|---|
| Format: | Llibre |
| Idioma: | espanyol |
| Publicat: |
Quito
Artes Gráficas
1979
|
| Matèries: | |
| Etiquetes: |
Afegir etiqueta
Sense etiquetes, Sigues el primer a etiquetar aquest registre!
|
MARC
| LEADER | 00000nam a2200000 a 4500 | ||
|---|---|---|---|
| 001 | UCT9383 | ||
| 003 | CL-VaPUC | ||
| 008 | 970404e19790000EC |||||||||||||||||spa|d | ||
| 082 | 0 | 4 | |a 341.42 |b TOB |2 21 |
| 100 | 0 | |a Tobar-Donoso, Julio |e author |9 382027 | |
| 700 | 0 | |a Luna-Tobar, Alfredo |e author |9 382028 | |
| 245 | 1 | 0 | |a Derecho territorial ecuatoriano |
| 300 | |a 381 p | ||
| 942 | |c BK | ||
| 945 | |d 19970404 00:00:00 |a paguirre | ||
| 260 | |a Quito |b Artes Gráficas |c 1979 | ||
| 650 | 0 | |a Territorio |9 378883 | |
| 650 | 7 | |a TERRITORIALIDAD |2 CL-VaPUC |9 382029 | |
| 650 | 0 | |a Fronteras |9 338773 | |
| 650 | 7 | |a DERECHOS TERRITORIALES |2 CL-VaPUC |9 266725 | |
| 650 | 0 | |a Tratados internacionales |9 256056 | |
| 650 | 0 | |a Conflicto internacional |9 341259 | |
| 651 | 0 | |a Ecuador |9 258378 | |
| 583 | |a last modification |c 19970404 00:00:00 |k Rodrigo Vera | ||
| 999 | |c 257787 |d 257785 | ||
| 952 | |0 0 |1 0 |4 0 |6 341_420000000000000_TOB_1979 |7 0 |8 A |9 281449 |a BIBDER |b BIBDER |d 2019-11-19 |i 1824279 |o 341.42 TOB 1979 |p 1824279 |r 2023-01-25 |w 2019-11-19 |y BK |k DER | ||